000
00318nam a2200109Ia 4500
008
171211s9999 xx 000 0 und d
245
_a
Chokes and Strangles (Ground Fighting)
245
_c
Geoff Thompson
260
_c
2001
650
_x
Family and Friendship
856
_u
http://down.ebook777.com/065/9781840241723.pdf
999
_c
350272
_d
350272